South Eastern Kenya University

Library Online Public Access Catalogue


Diploma in nutrition and dietetics/ (Record no. 17948)

MARC details
000 -LEADER
fixed length control field 00483nam a22001937a 4500
003 - CONTROL NUMBER IDENTIFIER
control field OSt
005 - DATE AND TIME OF LATEST TRANSACTION
control field 20210618104201.0
008 - FIXED-LENGTH DATA ELEMENTS--GENERAL INFORMATION
fixed length control field 210618b ||||| |||| 00| 0 eng d
040 ## - CATALOGING SOURCE
Original cataloging agency SEKU
050 ## - LIBRARY OF CONGRESS CALL NUMBER
Classification number RM 216
Item number .K46
110 ## - MAIN ENTRY--CORPORATE NAME
Relator code K.I.E
245 ## - TITLE STATEMENT
Title Diploma in nutrition and dietetics/
Remainder of title syllabus and regulation
260 ## - PUBLICATION, DISTRIBUTION, ETC. (IMPRINT)
Place of publication, distribution, etc. Nairobi: Kenya;
Name of publisher, distributor, etc. KIE,
Date of publication, distribution, etc. 2016.
300 ## - PHYSICAL DESCRIPTION
Extent 471.P:
650 ## - SUBJECT ADDED ENTRY--TOPICAL TERM
Topical term or geographic name as entry element Nitrition
650 ## - SUBJECT ADDED ENTRY--TOPICAL TERM
Topical term or geographic name as entry element Nutrition disorders
650 ## - SUBJECT ADDED ENTRY--TOPICAL TERM
Topical term or geographic name as entry element Dietetics
942 ## - ADDED ENTRY ELEMENTS (KOHA)
Source of classification or shelving scheme Library of Congress Classification
Koha item type General circulation
Holdings
Withdrawn status Lost status Source of classification or shelving scheme Damaged status Not for loan Home library Current library Date acquired Total Checkouts Full call number Barcode Date last seen Price effective from Koha item type
    Library of Congress Classification     Main Campus Library Main Campus Library 18/06/2021   RM 216 .K46 2021/025133 18/06/2021 18/06/2021 General circulation
    Library of Congress Classification     Main Campus Library Main Campus Library 18/06/2021   RM 216 .K46 2021/025205 18/06/2021 18/06/2021 General circulation
Kitui, Kenya.
+254736116989
library@seku.ac.ke